ՀՀ Գիտությունների ազգային ակադեմիայի հիմնարար գիտական գրադարան  =   Fundamental Scientific Library of NAS RA

مراقبت نوزاد قبل از تولّد و بهداشت مادر در دوران حاملگی /‪‪‪‪‪‪‪‪‪‪‪‪‪‪‪‪‪‪‪‪‪‪‪‪‪‪‪‪ (Record no. 541890)

MARC details
000 -LEADER
fixed length control field 01448nam a2200229 a 4500
003 - CONTROL NUMBER IDENTIFIER
control field AM-YEHGA
005 - DATE AND TIME OF LATEST TRANSACTION
control field 20260403152020.0
008 - FIXED-LENGTH DATA ELEMENTS--GENERAL INFORMATION
fixed length control field 260310n ir a|||gr|||| 00||0 per d
040 ## - CATALOGING SOURCE
Original cataloging agency AM-YEHGA
041 1# - LANGUAGE CODE
Language code of text/sound track or separate title per
Language code of original eng
001 - CONTROL NUMBER
control field 2052962
245 00 - TITLE STATEMENT
Title مراقبت نوزاد قبل از تولّد و بهداشت مادر در دوران حاملگی /‪‪‪‪‪‪‪‪‪‪‪‪‪‪‪‪‪‪‪‪‪‪‪‪‪‪‪‪
Statement of responsibility, etc. ترجمه: دکتر محمّد بهشتی ; ناشر: دولت ایالت متحدّه امریکا.‪‪‪‪‪‪‪‪‪‪‪‪‪‪‪‪‪‪‪‪‪‪‪‪‪‪‪‪
246 31 - VARYING FORM OF TITLE
Title proper/short title Prenatal care of the baby and maternal health during pregnancy
260 ## - PUBLICATION, DISTRIBUTION, ETC.
Place of publication, distribution, etc. تهران :‪‪‪‪‪‪‪‪‪‪‪‪‪‪‪‪‪‪‪‪‪‪‪‪‪‪‪‪
Name of publisher, distributor, etc. S. n.,
Date of publication, distribution, etc. S.a.
300 ## - PHYSICAL DESCRIPTION
Extent 92 p. ;
Other physical details ill.
500 ## - GENERAL NOTE
General note از طرف دولت ایالت متحدّه امریکا انتشار یافته است‪‪‪‪‪‪‪‪‪‪‪‪‪‪‪‪‪‪‪‪‪‪‪‪‪‪‪‪
650 14 - SUBJECT ADDED ENTRY--TOPICAL TERM
Topical term or geographic name entry element Medicine
650 14 - SUBJECT ADDED ENTRY--TOPICAL TERM
Topical term or geographic name entry element Gynecology
General subdivision Pregnancy
700 1# - ADDED ENTRY--PERSONAL NAME
Personal name بهشتی، محمّد‪‪‪‪‪‪‪‪‪‪‪‪‪‪‪‪‪‪‪‪‪‪‪‪‪‪‪‪
Relator term
Relationship trl
710 2# - ADDED ENTRY--CORPORATE NAME
Corporate name or jurisdiction name as entry element دولت ایالت متحدّه امریکا (United States Government)‪‪‪‪‪‪‪‪‪‪‪‪‪‪‪‪‪‪‪‪‪‪‪‪‪‪‪‪
Relator term publisher
942 ## - ADDED ENTRY ELEMENTS (KOHA)
Source of classification or shelving scheme Universal Decimal Classification
Koha item type Գրքեր / Books
Holdings
Withdrawn status Lost status Source of classification or shelving scheme Damaged status Not for loan Collection Home library Current library Date acquired Total checkouts Full call number Barcode Date last seen Price effective from Koha item type Public note
    Universal Decimal Classification       Fundamental Scientific Library Fundamental Scientific Library 10/03/2026   ԱՍՀ/256 FL0704788 10/03/2026 10/03/2026 Գրքեր / Books ILL Non-Circ.


ՀՀ ԳԱԱ հիմնարար գիտական գրադարան
ՀՀ,Երևան 0019
Մարշալ Բաղրամյան 24/6
հեռախոս:(374-10) 52-47-50
Հետադարձ կապ

All site content, except where otherwise noted, is licensed under a
Creative Commons License